Rosco de Pasapalabra #23 - Estadísticas

Estadísticas generales
  • Esta prueba ha sido intentada 620 veces
  • La puntuación promedio es 17 de 25
Estadísticas de respuestas
Inicial Definición Respuesta % Correcto
A Empezar a aparecer la luz del día Amanecer
99%
J País asiático con capital en Tokio Japón
98%
G Persona que elabora el guion de una película o de un programa de radio o televisión Guionista
96%
N Noche que precede al día de Navidad Nochebuena
96%
B Prenda larga y estrecha, por lo común de lana o seda, con que se envuelve y abriga el cuello y la boca Bufanda
95%
C Mechón de cabello entretejido o suelto, sujeto con un lazo o goma, que se hace en la cabeza Coleta
93%
E Voz inglesa que designa el correo electrónico Email
93%
H Órgano glandular, situado en el abdomen, que segrega la bilis y realiza importantes funciones en el organismo Hígado
93%
D Sensación que causa padecimiento en alguna parte del cuerpo Dolor
90%
P Cortar o quitar las ramas superfluas de los árboles para que después se desarrollen con más vigor Podar
88%
L Dinero u otra cosa que se da por caridad Limosna
87%
S Cada una de las mamas de la mujer Seno
86%
T Tener éxito Triunfar
84%
V Aguardiente típico de Rusia que se obtiene por fermentación de centeno u otros cereales Vodka
79%
Contiene la Ñ Destreza, habilidad Maña
73%
U Dirección de un sitio o página web en Internet URL
73%
I Aumentar, dar mayor extensión, número o materia a algo Incrementar
67%
Contiene la Y Aparato que se coloca sobre los edificios para preservarlos de los efectos de la electricidad de las nubes Pararrayos
67%
R Publicación periódica con textos e imágenes sobre varias materias, o sobre una especialmente Revista
63%
Contiene la Q Se dice de la parte del cuerpo humano que está situada en el lado del corazón Izquierdo
51%
O Proceso por el que un producto o un equipo queda obsoleto como resultado de los avances tecnológicos Obsolescencia
50%
F Apellido del psicoanalista que, en 1956, publicó el libro 'El arte de amar' Fromm
7%
Contiene la X Nombre del grupo de música que publicó el álbum 'Myths of the Near Future' Klaxons
2%
Z Vasija grande de metal para guardar aceite, con tapadera, y generalmente con un grifo en la parte inferior Zafra
2%
M En marina, barra de hierro que se usaba para arrancar de los tablones las cabezas de los clavos Menestrete
1%
No se encontraron pruebas coincidentes
Distribución de puntuación
Porcentaje de gente con cada puntuación
Porcentaje por número respondido
Historial de tus puntuaciones
No has intentado esta prueba.